| 000 | 00916nam a2200277 a 4500 | ||
|---|---|---|---|
| 001 | 26201 | ||
| 003 | CO-ViMGA | ||
| 008 | 141112s2004 ck r 000 u spa d | ||
| 015 | _ack - 2009 - xxxx | ||
| 020 | _a9789580228325 (Colección) | ||
| 040 |
_aCO-ViMGA _bspa _cCO-ViMGA |
||
| 082 | 0 | 4 | _a551.22 P12f |
| 100 | 1 |
_aPaéz González, Claudia Efigenia _940890 |
|
| 245 | 1 | 0 |
_aFenómenos y desastres naturales / _cClaudia Efigenia Páez González |
| 250 | _a1a. ed. | ||
| 260 |
_aBogotá : _bVoluntad, _c2009 |
||
| 300 | _a96 p. : il. ; 24 cm | ||
| 490 | _aPlan lector Voluntad. Ciencia, tecnología y medio ambiente | ||
| 504 | _aBibliografía : p. 96. | ||
| 598 | _aNEW - GRAL, NEW | ||
| 650 | 1 | 4 |
_aCambios climáticos _9442 |
| 650 | 1 | 4 |
_aDesastres naturales _911496 |
| 917 | _a2009 - 4464 2 ejemplares | ||
| 942 |
_2ddc _cBK |
||
| 990 | _a2009 - 4464 Editorial Voluntad 2 ejemplares 21 27062009 a672272 | ||
| 999 |
_c33391 _d33391 |
||